[Event "Classical Bliss V5"]
[Site "Montreal CAN"]
[Date "2025.04.13"]
[Round "6.2"]
[White "Ouimet, Alain"]
[Black "Rebhi, Mohamed"]
[Result "0-1"]
[WhiteElo "1286"]
[BlackElo "1224"]
[WhiteFideId "-1"]
[WhiteFideId "-1"]
[PlyCount "96"]
[GameId "2179725612581948"]
[EventDate "2025.03.29"]
[EventType "swiss"]
[EventRounds "6"]
[EventCountry "CAN"]

1. c4 c5 2. Nc3 Nc6 3. g3 b6 4. Bg2 Bb7 5. e4 g6 6. Nge2 Bg7 7. d3 e6 8. O-O Nge7 9. Rb1 O-O 10. Nb5 d5 11. cxd5 exd5 12. Bf4 Ne5 13. Nbc3 d4 14. Nb5 a6 15. Na3 Qd7 16. Rc1 Rfd8 17. Qb3 Rac8 18. Bxe5 Bxe5 19. f4 Bc7 20. Nc4 Qb5 21. Qc2 f5 22. Nd2 Kg7 23. Rb1 fxe4 24. Nxe4 Nf5 25. Qc4 Qxc4 26. dxc4 Ne3 27. Bh3 Bxe4 28. Rbc1 Nxf1 29. Bxc8 Nxh2 30. Bxa6 Ng4 31. Re1 Ne3 32. Kf2 Bc6 33. Bb5 Bxb5 34. cxb5 Kf6 35. Rc1 Kf5 36. Kf3 g5 37. b4 g4+ 38. Kf2 Bd6 39. bxc5 Bxc5 40. a4 Ra8 41. Ra1 d3 42. Rc1 dxe2 43. Kxe2 Rxa4 44. Rb1 Ke4 45. Rb2 Nd5 46. Rb3 Rb4 47. Rd3 Rxb5 48. f5 Rb2+ 0-1

[Event "Classical Bliss V5"]
[Site "Montreal CAN"]
[Date "2025.04.13"]
[Round "6.3"]
[White "Lompo, Boammani Aser"]
[Black "Dadouche, Bachir"]
[Result "1-0"]
[WhiteElo "1288"]
[BlackElo "909"]
[WhiteFideId "-1"]
[WhiteFideId "-1"]
[PlyCount "57"]
[GameId "2179725612581949"]
[EventDate "2025.03.29"]
[EventType "swiss"]
[EventRounds "6"]
[EventCountry "CAN"]

1. d4 Nf6 2. Bf4 d5 3. e3 e6 4. Nd2 Bd6 5. Bg3 O-O 6. Bd3 b6 7. Ngf3 Bb7 8. Qe2 h6 9. c3 Re8 10. e4 dxe4 11. Nxe4 Bxg3 12. hxg3 a6 13. O-O-O Nbd7 14. Ne5 Nxe5 15. dxe5 Nd5 16. Bc2 Qe7 17. g4 f6 18. exf6 Nxf6 19. Nxf6+ Qxf6 20. f3 Qf4+ 21. Kb1 e5 22. Rde1 e4 23. fxe4 Bxe4 24. Bxe4 Rxe4 25. Qxe4 Qxe4+ 26. Rxe4 Rc8 27. Rhe1 Kf8 28. Rf1+ Kg8 29. Re7 1-0

[Event "Classical Bliss V6"]
[Site "Montreal CAN"]
[Date "2025.04.19"]
[Round "1.1"]
[White "Turcotte, Jonathan"]
[Black "Di Matteo, Alessio"]
[Result "1-0"]
[WhiteElo "2028"]
[BlackElo "1949"]
[WhiteFideId "-1"]
[WhiteFideId "-1"]
[PlyCount "97"]
[GameId "2179725669299310"]
[EventDate "2025.04.19"]
[EventType "swiss"]
[EventRounds "6"]
[EventCountry "CAN"]

1. d4 Nf6 2. c4 e6 3. Nf3 d5 4. Nc3 Bb4 5. Bg5 h6 6. Bxf6 Qxf6 7. Qa4+ Nc6 8. e3 O-O 9. Rc1 dxc4 10. Bxc4 a6 11. O-O Bd7 12. Qc2 b5 13. Be2 Bd6 14. Ne4 Qe7 15. Rfd1 Nb4 16. Qb3 Nd5 17. a3 Rfb8 18. Nc5 Be8 19. g3 Nb6 20. Qa2 Nd7 21. b4 Bxc5 22. bxc5 Nf6 23. Ne5 c6 24. Bf3 Qc7 25. Qb2 Rd8 26. Rd2 Nd5 27. e4 Ne7 28. Qb3 Bd7 29. Rcd1 Bc8 30. Qc3 Bb7 31. Bh5 Rf8 32. Qb3 g6 33. Bf3 Rad8 34. Qc3 h5 35. h4 Kh7 36. Qe3 f6 37. Nd3 e5 38. dxe5 fxe5 39. Bg2 Rfe8 40. Qg5 Ng8 41. f4 exf4 42. Nxf4 Rxd2 43. Qxg6+ Kh8 44. Rxd2 Re7 45. Qxh5+ Rh7 46. Ng6+ Kg7 47. Qg5 Nh6 48. Nf4+ Kf7 49. Qg6+ 1-0

[Event "Classical Bliss V6"]
[Site "Montreal CAN"]
[Date "2025.04.19"]
[Round "1.2"]
[White "Wasserman, Shoshana"]
[Black "Beaupre, Eugene jr"]
[Result "0-1"]
[WhiteElo "1070"]
[BlackElo "1976"]
[WhiteFideId "-1"]
[WhiteFideId "-1"]
[PlyCount "106"]
[GameId "2179725669356655"]
[EventDate "2025.04.19"]
[EventType "swiss"]
[EventRounds "6"]
[EventCountry "CAN"]

1. d4 e6 2. Nf3 f5 3. Bf4 Nf6 4. e3 b6 5. Be2 Bb7 6. Nbd2 Bd6 7. Bxd6 cxd6 8. O-O O-O 9. Rc1 Nc6 10. c3 e5 11. Bc4+ Kh8 12. Ng5 Qe8 13. Re1 Qg6 14. dxe5 dxe5 15. h4 h6 16. Nh3 d5 17. Be2 Rad8 18. h5 Qf7 19. Qc2 Nxh5 20. Nf3 f4 21. e4 dxe4 22. Qxe4 Nf6 23. Qb1 e4 24. Nxf4 exf3 25. Ng6+ Kg8 26. Bxf3 Rfe8 27. Bxc6 Bxc6 28. Ne5 Qd5 29. Nxc6 Qxc6 30. b4 Rxe1+ 31. Rxe1 Qxc3 32. Re7 Re8 33. Rxe8+ Nxe8 34. a4 Nf6 35. Qa2+ Kh8 36. b5 Qe1+ 37. Kh2 Ng4+ 38. Kg3 h5 39. Qd5 Qe5+ 40. Qxe5 Nxe5 41. Kf4 Nd3+ 42. Ke3 Nb2 43. a5 Nc4+ 44. Kd4 Nxa5 45. Kd5 Nb3 46. Kc4 Nc5 47. f3 g5 48. g3 h4 49. f4 hxg3 50. f5 g2 51. f6 g1=Q 52. f7 Qg4+ 53. Kc3 Qf3+ 0-1

[Event "Classical Bliss V6"]
[Site "Montreal CAN"]
[Date "2025.04.19"]
[Round "1.3"]
[White "Pepin, Pierre-Luc"]
[Black "Huang, Haiyi"]
[Result "0-1"]
[WhiteElo "1063"]
[BlackElo "1178"]
[WhiteFideId "-1"]
[WhiteFideId "-1"]
[PlyCount "56"]
[GameId "2179725669360752"]
[EventDate "2025.04.19"]
[EventType "swiss"]
[EventRounds "6"]
[EventCountry "CAN"]

1. c4 Nf6 2. d4 e6 3. a3 d5 4. e3 Be7 5. Nc3 c5 6. dxc5 Bxc5 7. cxd5 exd5 8. Qa4+ Bd7 9. Qb3 Bc6 10. Bb5 O-O 11. Bxc6 bxc6 12. Qb7 d4 13. exd4 Bxd4 14. Bf4 Bxc3+ 15. bxc3 Re8+ 16. Ne2 Nbd7 17. Qxc6 Ne5 18. Bxe5 Rxe5 19. Rd1 Qe8 20. Qf3 Rc8 21. Rd2 Ne4 22. Rd3 Nxc3 23. Re3 Nxe2 24. Kxe2 Qb5+ 25. Kd2 Qb2+ 26. Kd3 Rc3+ 27. Kd4 Rcxe3+ 28. Kc4 Qc3# 0-1

[Event "Classical Bliss V6"]
[Site "Montreal CAN"]
[Date "2025.04.20"]
[Round "2.1"]
[White "Beaupre, Eugene jr"]
[Black "Turcotte, Jonathan"]
[Result "1-0"]
[WhiteElo "1976"]
[BlackElo "2028"]
[WhiteFideId "-1"]
[WhiteFideId "-1"]
[PlyCount "125"]
[GameId "2179725669360756"]
[EventDate "2025.04.19"]
[EventType "swiss"]
[EventRounds "6"]
[EventCountry "CAN"]

1. d4 d5 2. c4 c6 3. Nf3 Nf6 4. Nc3 e6 5. Bg5 h6 6. Bxf6 Qxf6 7. e3 Nd7 8. Bd3 dxc4 9. Bxc4 g6 10. O-O Bg7 11. e4 e5 12. d5 O-O 13. h3 Rd8 14. Rc1 Nb6 15. Bb3 cxd5 16. exd5 Bf5 17. Qe2 e4 18. Nxe4 Qxb2 19. Rc2 Qa3 20. g4 Bxe4 21. Qxe4 Qd6 22. Rd1 Re8 23. Qd3 Rad8 24. Nd2 Qf4 25. Nf1 Rd6 26. Re2 Red8 27. Re4 Qg5 28. f4 Qf6 29. Ne3 Kh7 30. Kg2 Nd7 31. Qc4 b6 32. g5 hxg5 33. Ng4 Qb2+ 34. Re2 Qc3 35. Ne5 Qxc4 36. Nxc4 Rf6 37. fxg5 Rf5 38. h4 Nc5 39. d6 Bf8 40. Kg3 Nxb3 41. axb3 b5 42. d7 bxc4 43. Re8 Be7 44. Rxe7 c3 45. Rd6 c2 46. Rc6 Rd5 47. Rxf7+ Kg8 48. Rff6 R8xd7 49. Rxg6+ Kh7 50. Rh6+ Kg7 51. Rxc2 Rd3+ 52. Kg4 Rxb3 53. Rcc6 a5 54. Ra6 Rb4+ 55. Kh5 a4 56. Rag6+ Kf8 57. Rh8+ Ke7 58. Ra6 Rbd4 59. Rh7+ Kd8 60. Ra8+ Kc7 61. Ra7+ Kc6 62. Rhxd7 Rxd7 63. Rxa4 1-0

[Event "Classical Bliss V6"]
[Site "Montreal CAN"]
[Date "2025.04.20"]
[Round "2.2"]
[White "Evenko, Kirill"]
[Black "Dadouche, Bachir"]
[Result "1-0"]
[WhiteElo "1181"]
[BlackElo "905"]
[WhiteFideId "-1"]
[WhiteFideId "-1"]
[PlyCount "75"]
[GameId "2179725669360757"]
[EventDate "2025.04.19"]
[EventType "swiss"]
[EventRounds "6"]
[EventCountry "CAN"]

1. c4 e5 2. Nc3 Nc6 3. g3 d6 4. Bg2 Bd7 5. e3 g6 6. d4 Bg7 7. Nge2 Nge7 8. O-O Nf5 9. b3 exd4 10. exd4 Rb8 11. Re1 O-O 12. d5 Ncd4 13. Bb2 a6 14. Nxd4 Nxd4 15. Qd2 c6 16. Ne4 Nf5 17. Bxg7 Kxg7 18. dxc6 Bxc6 19. Rad1 Re8 20. Qc3+ f6 21. Ng5 Qd7 22. Bxc6 bxc6 23. Ne4 Rf8 24. Nc5 Qc8 25. Ne6+ Kf7 26. Nxf8 Qxf8 27. Qa5 Qc8 28. Re2 c5 29. Rde1 Qb7 30. g4 Rc8 31. gxf5 Rc7 32. Qa4 Kg7 33. Qe8 Kh6 34. Qf8+ Kg5 35. h4+ Kxf5 36. Qxd6 h6 37. Qe6+ Kf4 38. Re4+ 1-0

[Event "Classical Bliss V6"]
[Site "Montreal CAN"]
[Date "2025.04.20"]
[Round "2.3"]
[White "Huang, Haiyi"]
[Black "El-Skaff, David"]
[Result "0-1"]
[WhiteElo "1178"]
[BlackElo "1440"]
[WhiteFideId "-1"]
[WhiteFideId "-1"]
[PlyCount "48"]
[GameId "2179725669360758"]
[EventDate "2025.04.19"]
[EventType "swiss"]
[EventRounds "6"]
[EventCountry "CAN"]

1. c4 g6 2. g3 Bg7 3. Bg2 d6 4. Nf3 Nc6 5. O-O Bd7 6. Nc3 Qc8 7. Re1 Bh3 8. Bh1 h5 9. Qa4 h4 10. Ng5 hxg3 11. Bxc6+ bxc6 12. Qxc6+ Bd7 13. Qf3 gxh2+ 14. Kh1 f6 15. d3 fxg5 16. Bxg5 Rh5 17. Qg3 Bc6+ 18. f3 Qf5 19. Be3 Rh3 20. Qf4 Rxf3 21. exf3 Bxf3+ 22. Kxh2 Be5 23. Nd5 Qh5+ 24. Kg3 Qg4+ 0-1

[Event "Classical Bliss V6"]
[Site "Montreal CAN"]
[Date "2025.05.03"]
[Round "3.1"]
[White "Di Matteo, Alessio"]
[Black "Beaupre, Eugene jr"]
[Result "0-1"]
[WhiteElo "1949"]
[BlackElo "1976"]
[WhiteFideId "-1"]
[WhiteFideId "-1"]
[PlyCount "56"]
[GameId "2179725669360761"]
[EventDate "2025.04.19"]
[EventType "swiss"]
[EventRounds "6"]
[EventCountry "CAN"]

1. d4 d5 2. c4 e6 3. Nc3 Nf6 4. Nf3 a6 5. cxd5 exd5 6. Qb3 h6 7. Bf4 Bd6 8. e3 O-O 9. Bd3 c6 10. h3 Re8 11. O-O-O b5 12. g4 Ne4 13. Qc2 Nxc3 14. bxc3 Be6 15. g5 h5 16. Ne5 Qc7 17. Qe2 g6 18. Nxg6 fxg6 19. Bxg6 Re7 20. Bxd6 Qxd6 21. Qxh5 Nd7 22. Bc2 Rf8 23. g6 Rxf2 24. g7 Rxg7 25. Rhg1 Rxc2+ 26. Kxc2 Qh2+ 27. Rd2 Qxg1 28. Qf3 Rg3 0-1

[Event "Classical Bliss V6"]
[Site "Montreal CAN"]
[Date "2025.05.03"]
[Round "3.2"]
[White "Bain-Thouverez, Aurelien"]
[Black "Liao, Minyan"]
[Result "1-0"]
[WhiteElo "1786"]
[BlackElo "1732"]
[WhiteFideId "-1"]
[WhiteFideId "-1"]
[PlyCount "169"]
[GameId "2179725669360763"]
[EventDate "2025.04.19"]
[EventType "swiss"]
[EventRounds "6"]
[EventCountry "CAN"]

1. Nf3 d5 2. g3 Nf6 3. Bg2 e6 4. c4 Be7 5. O-O O-O 6. b3 c6 7. Bb2 Nbd7 8. Qc2 b6 9. d3 Bb7 10. Nbd2 c5 11. e3 Rc8 12. Rad1 Qc7 13. Qb1 Ne8 14. d4 Bf6 15. e4 cxd4 16. exd5 exd5 17. Nxd4 Bxd4 18. Bxd4 Nef6 19. Qf5 dxc4 20. Bxb7 Qxb7 21. Nxc4 Qd5 22. Qxd5 Nxd5 23. Bxg7 Kxg7 24. Rxd5 Nf6 25. Rd6 Rfe8 26. Ne3 Rc5 27. Rfd1 Ra5 28. a4 Rc8 29. b4 Re5 30. Rxf6 Rxe3 31. Rxf7+ Kxf7 32. fxe3 Rc4 33. Rd7+ Kg6 34. Rd4 Rc3 35. Kf2 Rc2+ 36. Kf3 Rxh2 37. Rd7 a5 38. Rd6+ Kg7 39. Rxb6 axb4 40. Rxb4 Ra2 41. Kf4 Kf6 42. Rb6+ Kg7 43. Ra6 Rf2+ 44. Kg4 Re2 45. Kf3 Ra2 46. a5 h5 47. Ra8 Ra4 48. a6 h4 49. gxh4 Rxh4 50. e4 Rh3+ 51. Kf4 Ra3 52. Ke5 Ra5+ 53. Kd6 Ra1 54. e5 Rd1+ 55. Ke6 Ra1 56. Ra7+ Kg6 57. Ra8 Kg7 58. Kd7 Rd1+ 59. Kc6 Re1 60. a7 Rxe5 61. Rg8+ Kxg8 62. a8=Q+ Kf7 63. Qa2+ Kf6 64. Qb2 Kf5 65. Kd6 Re6+ 66. Kd5 Rf6 67. Qg2 Rf7 68. Qe4+ Kf6 69. Qg4 Re7 70. Kd6 Re8 71. Qh4+ Kf7 72. Kd7 Rg8 73. Qf4+ Kg6 74. Ke7 Rg7+ 75. Ke6 Kh7 76. Qf5+ Kg8 77. Qh5 Rh7 78. Qe8+ Kg7 79. Qf7+ Kh6 80. Qf4+ Kh5 81. Qf5+ Kh6 82. Qf8+ Kg6 83. Qf6+ Kh5 84. Kf5 Rg7 85. Qxg7 1-0

[Event "Classical Bliss V6"]
[Site "Montreal CAN"]
[Date "2025.05.03"]
[Round "3.4"]
[White "Bozkurt, Berk"]
[Black "Sun, Jonathan"]
[Result "0-1"]
[WhiteElo "1291"]
[BlackElo "1858"]
[WhiteFideId "-1"]
[WhiteFideId "-1"]
[PlyCount "62"]
[GameId "2179725669360765"]
[EventDate "2025.04.19"]
[EventType "swiss"]
[EventRounds "6"]
[EventCountry "CAN"]

1. d4 g6 2. c4 Nf6 3. Nc3 Bg7 4. e4 d6 5. Be2 O-O 6. Bg5 Na6 7. Qd2 c5 8. d5 Nc7 9. h4 h5 10. Nh3 a6 11. a4 Rb8 12. Bh6 Bd7 13. Bxg7 Kxg7 14. f3 b5 15. axb5 axb5 16. Nd1 bxc4 17. Bxc4 Rb4 18. Ne3 Qb8 19. b3 e6 20. Nf4 exd5 21. Nexd5 Ncxd5 22. Nxd5 Nxd5 23. Bxd5 Be6 24. Rb1 Bxd5 25. Qxd5 Rd4 26. Qg5 Qb4+ 27. Ke2 Ra8 28. Rb2 Qc3 29. Rhb1 Ra1 30. e5 Rxb1 31. Rd2 Rxd2+ 0-1

[Event "Classical Bliss V6"]
[Site "Montreal CAN"]
[Date "2025.05.03"]
[Round "3.6"]
[White "Turcotte, Jonathan"]
[Black "Nassif, Aba"]
[Result "1-0"]
[WhiteElo "2028"]
[BlackElo "2064"]
[WhiteFideId "-1"]
[WhiteFideId "-1"]
[PlyCount "62"]
[GameId "2179725669360767"]
[EventDate "2025.04.19"]
[EventType "swiss"]
[EventRounds "6"]
[EventCountry "CAN"]

1. d4 Nf6 2. c4 g6 3. Nc3 Bg7 4. e4 d6 5. Be2 O-O 6. Nf3 Nc6 7. d5 Nb8 8. O-O e5 9. Be3 Nbd7 10. Nd2 Ne8 11. g4 Qh4 12. Kh1 f5 13. gxf5 gxf5 14. exf5 Ndf6 15. Rg1 a6 16. Nf3 Qh3 17. Ng5 Qxf5 18. Bd3 Qd7 19. Ne6 Rf7 20. Bf5 Qe7 21. Bg5 b5 22. b3 c6 23. Qd3 b4 24. Ne4 Nxe4 25. Qxe4 cxd5 26. cxd5 Nf6 27. Bxh7+ Kh8 28. Qh4 Bxe6 29. dxe6 Rff8 30. Be4+ Kg8 31. Bxa8 Rxa8 1-0

[Event "Classical Bliss V6"]
[Site "Montreal CAN"]
[Date "2025.05.03"]
[Round "3.7"]
[White "El-Skaff, David"]
[Black "Evenko, Kirill"]
[Result "1-0"]
[WhiteElo "1440"]
[BlackElo "1181"]
[WhiteFideId "-1"]
[WhiteFideId "-1"]
[PlyCount "109"]
[GameId "2179725669360768"]
[EventDate "2025.04.19"]
[EventType "swiss"]
[EventRounds "6"]
[EventCountry "CAN"]

1. e4 e5 2. Bc4 Nc6 3. c3 Nf6 4. Qb3 Qe7 5. Qc2 b6 6. d3 Bb7 7. Ne2 Na5 8. Bb3 Nxb3 9. axb3 g6 10. O-O Bg7 11. Bg5 h6 12. Bh4 g5 13. Bg3 O-O 14. Nd2 d5 15. h4 Nh5 16. hxg5 hxg5 17. Nf3 Nf4 18. Bxf4 exf4 19. Rfe1 dxe4 20. dxe4 Bxe4 21. Ned4 Bxc2 22. Rxe7 Bxd4 23. Nxd4 Bg6 24. Rxc7 a6 25. Rb7 b5 26. Rb6 Rfd8 27. Raxa6 Rxa6 28. Rxa6 b4 29. f3 bxc3 30. bxc3 Rc8 31. Kf2 Bd3 32. Ra5 f6 33. Rd5 Ra8 34. b4 Ra1 35. g4 fxg3+ 36. Kxg3 Ra2 37. Rd7 Bf1 38. Kg4 Bd3 39. Nf5 Rg2+ 40. Kh3 Rf2 41. Kg3 Re2 42. Nh6+ Kh8 43. Ng4 f5 44. Nf6 f4+ 45. Kg4 Rg2+ 46. Kh5 g4 47. b5 gxf3 48. b6 Rb2 49. Kh6 Rh2+ 50. Nh5 Ba6 51. b7 Bxb7 52. Rxb7 Rg2 53. Nxf4 Rg1 54. Rb8+ Rg8 55. Ng6# 1-0

[Event "Classical Bliss V6"]
[Site "Montreal CAN"]
[Date "2025.05.03"]
[Round "3.9"]
[White "Pepin, Pierre-Luc"]
[Black "Seker Bozkurt, Elif"]
[Result "1-0"]
[WhiteElo "1063"]
[BlackElo "1000"]
[WhiteFideId "-1"]
[WhiteFideId "-1"]
[PlyCount "121"]
[GameId "2179725669360770"]
[EventDate "2025.04.19"]
[EventType "swiss"]
[EventRounds "6"]
[EventCountry "CAN"]

1. d4 d5 2. e3 Nf6 3. c4 e6 4. Nc3 Bb4 5. Bd2 O-O 6. a3 Be7 7. Nf3 Nc6 8. Bd3 Re8 9. O-O b6 10. cxd5 exd5 11. Bb5 Bd7 12. Qb3 Na5 13. Qa2 c6 14. Bd3 Be6 15. Ng5 Nc4 16. Nxe6 fxe6 17. Bxc4 dxc4 18. Qxc4 Qd7 19. Rad1 Rac8 20. Qe2 Bd8 21. Be1 Qf7 22. f4 Qg6 23. Rf3 Nd5 24. Rg3 Qh6 25. Qa6 Re7 26. Qf1 Rf7 27. Qc4 Rfc7 28. Qd3 Nf6 29. Rh3 Qg6 30. Qxg6 hxg6 31. Bh4 Nd5 32. Bxd8 Rxd8 33. Ne4 Nf6 34. Ng5 c5 35. Nxe6 Rcd7 36. Nxd8 Rxd8 37. Rg3 Kf7 38. Rg5 Ne4 39. Re5 Re8 40. Rxe8 Kxe8 41. h4 c4 42. d5 Ke7 43. Rd4 c3 44. Rxe4+ Kd6 45. bxc3 Kxd5 46. Re7 a5 47. Rxg7 b5 48. Rxg6 Kc4 49. Rg5 a4 50. e4 b4 51. cxb4 Kb3 52. Rg3+ Ka2 53. h5 Kb2 54. h6 Ka2 55. h7 Kb2 56. h8=Q+ Ka2 57. Qc3 Kb1 58. Qe1+ Kc2 59. Rc3+ Kb2 60. Qd2+ Kb1 61. Rc1# 1-0

[Event "Classical Bliss V6"]
[Site "Montreal CAN"]
[Date "2025.05.04"]
[Round "4.1"]
[White "Di Matteo, Alessio"]
[Black "Turcotte, Jonathan"]
[Result "0-1"]
[WhiteElo "1949"]
[BlackElo "2028"]
[WhiteFideId "-1"]
[WhiteFideId "-1"]
[PlyCount "68"]
[GameId "2179725669360771"]
[EventDate "2025.04.19"]
[EventType "swiss"]
[EventRounds "6"]
[EventCountry "CAN"]

1. d4 d5 2. c4 e6 3. Nc3 Be7 4. Bf4 Nf6 5. cxd5 exd5 6. Qc2 O-O 7. Rd1 c6 8. f3 Re8 9. e3 Nh5 10. Bg3 Nxg3 11. hxg3 g6 12. Bd3 Bd6 13. Kf2 Qe7 14. e4 dxe4 15. Nxe4 Bc7 16. Qd2 Nd7 17. Qh6 Nf8 18. Ne2 Bf5 19. N2c3 Bb6 20. Bc4 Be6 21. Bxe6 Qxe6 22. Qf4 f5 23. Nc5 Qf7 24. Rhe1 Rxe1 25. Rxe1 Rd8 26. Qe5 Nd7 27. Qe3 Nf6 28. Qe5 Bc7 29. Qe7 Rxd4 30. Qe2 Bb6 31. Qe5 Rc4 32. b4 Rxb4 33. Ke2 Qc4+ 34. Nd3 Rb2+ 0-1

[Event "Classical Bliss V6"]
[Site "Montreal CAN"]
[Date "2025.05.04"]
[Round "4.2"]
[White "Nassif, Aba"]
[Black "Beaupre, Eugene jr"]
[Result "0-1"]
[WhiteElo "2064"]
[BlackElo "1976"]
[WhiteFideId "-1"]
[WhiteFideId "-1"]
[PlyCount "70"]
[GameId "2179725669360772"]
[EventDate "2025.04.19"]
[EventType "swiss"]
[EventRounds "6"]
[EventCountry "CAN"]

1. d4 d5 2. Nc3 Nf6 3. Bf4 c5 4. e4 Nxe4 5. Nxe4 dxe4 6. dxc5 Qxd1+ 7. Rxd1 Bd7 8. b4 Ba4 9. Rd4 Nc6 10. Rc4 e5 11. Bxe5 f5 12. Bf4 a5 13. bxa5 Bb5 14. Rc3 Bxf1 15. Kxf1 Rxa5 16. Be3 Rxa2 17. g4 g6 18. Kg2 Bg7 19. Rb3 Rxc2 20. Nh3 Na5 21. Ra3 Nc4 22. Ra8+ Kd7 23. Rxh8 Nxe3+ 24. Kg3 Be5+ 25. Nf4 Nd5 26. Rxh7+ Kc6 27. gxf5 gxf5 28. Rf7 Bxf4+ 29. Kh4 Rxf2 30. Rxf5 Rxh2+ 31. Rxh2 Bxh2 32. Rf2 Bg1 33. Re2 e3 34. Kg4 Nc3 35. Rc2 e2 0-1

[Event "Classical Bliss V6"]
[Site "Montreal CAN"]
[Date "2025.05.04"]
[Round "4.3"]
[White "Sun, Jonathan"]
[Black "Pepin, Pierre-Luc"]
[Result "1-0"]
[WhiteElo "1858"]
[BlackElo "1063"]
[WhiteFideId "-1"]
[WhiteFideId "-1"]
[PlyCount "63"]
[GameId "2179725669360773"]
[EventDate "2025.04.19"]
[EventType "swiss"]
[EventRounds "6"]
[EventCountry "CAN"]

1. e4 e6 2. d4 d5 3. e5 c5 4. c3 Qb6 5. Nf3 Ne7 6. a3 Nbc6 7. Bd3 Bd7 8. Bc2 Nf5 9. Bxf5 exf5 10. dxc5 Bxc5 11. O-O O-O-O 12. b4 Bf8 13. Be3 Qc7 14. Bd4 b6 15. Nbd2 Nxd4 16. cxd4 Qb7 17. Qb3 Kb8 18. a4 h6 19. h4 Be7 20. Rfb1 f6 21. a5 b5 22. a6 Qb6 23. Re1 Be6 24. Qb2 Bc8 25. exf6 Bxf6 26. Ne5 Bxe5 27. dxe5 Bxa6 28. e6 g6 29. e7 Rde8 30. Qe5+ Qc7 31. Qxc7+ Kxc7 32. Rxa6 1-0

[Event "Classical Bliss V6"]
[Site "Montreal CAN"]
[Date "2025.05.04"]
[Round "4.4"]
[White "Dadouche, Bachir"]
[Black "Chanot, Frederic"]
[Result "0-1"]
[WhiteElo "905"]
[BlackElo "1233"]
[WhiteFideId "-1"]
[WhiteFideId "-1"]
[PlyCount "106"]
[GameId "2179725669360774"]
[EventDate "2025.04.19"]
[EventType "swiss"]
[EventRounds "6"]
[EventCountry "CAN"]

1. e4 g6 2. Nf3 Bg7 3. Bc4 d6 4. h3 Nf6 5. d3 Nbd7 6. Be3 c6 7. Nc3 b5 8. Bb3 Bb7 9. Ng5 O-O 10. O-O h6 11. Nf3 Qc7 12. Qd2 Kh7 13. a3 Rad8 14. Bf4 e5 15. Be3 a5 16. Ba2 d5 17. exd5 cxd5 18. Nxb5 Qc6 19. Qxa5 Ra8 20. Qb4 Ba6 21. a4 d4 22. Qc4 Bxb5 23. axb5 Qxc4 24. dxc4 dxe3 25. fxe3 Ra4 26. Bb3 Rxa1 27. Rxa1 Nc5 28. Ra3 Nfd7 29. Ba2 Rd8 30. b4 Ne4 31. c5 Ndxc5 32. bxc5 Rd1+ 33. Kh2 Nxc5 34. c4 e4 35. Nd4 Be5+ 36. g3 Bxd4 37. exd4 Rxd4 38. Kg2 e3 39. Kf1 Rd2 40. Rxe3 Rxa2 41. Re2 Ra4 42. Re5 Rxc4 43. Ke2 Re4+ 44. Rxe4 Nxe4 45. Kd3 Nd6 46. b6 Kg7 47. Kd4 Kf6 48. Kd5 Ke7 49. Kc6 f5 50. b7 Nxb7 51. Kxb7 Kf6 52. Kc7 Kg5 53. Kc6 h5 0-1

[Event "Classical Bliss V6"]
[Site "Montreal CAN"]
[Date "2025.05.04"]
[Round "4.6"]
[White "Robillard, Guillaume"]
[Black "El-Skaff, David"]
[Result "1-0"]
[WhiteElo "1587"]
[BlackElo "1440"]
[WhiteFideId "-1"]
[WhiteFideId "-1"]
[PlyCount "195"]
[GameId "2179725669360776"]
[EventDate "2025.04.19"]
[EventType "swiss"]
[EventRounds "6"]
[EventCountry "CAN"]

1. e4 g6 2. d4 Bg7 3. Nc3 c6 4. Nf3 d5 5. h3 dxe4 6. Nxe4 Nd7 7. Bc4 Ngf6 8. Ng3 O-O 9. Qe2 c5 10. dxc5 Qa5+ 11. c3 Qxc5 12. Be3 Qc7 13. Rd1 e5 14. O-O e4 15. Ng5 Ne5 16. Bb3 Bf5 17. Nxf5 gxf5 18. h4 Neg4 19. g3 Nh5 20. Kg2 Be5 21. Nxe4 Rae8 22. Qf3 Nxe3+ 23. fxe3 fxe4 24. Qxh5 Kh8 25. Rxf7 Rxf7 26. Qxf7 Qxf7 27. Bxf7 Re7 28. Rd8+ Kg7 29. Bd5 Bc7 30. Rg8+ Kf6 31. g4 h6 32. Rf8+ Kg6 33. Kf2 b6 34. c4 Bd6 35. h5+ Kg5 36. Rg8+ Kh4 37. Rg6 Bg3+ 38. Ke2 Re5 39. b3 b5 40. Be6 bxc4 41. Bxc4 Re8 42. Be6 Be5 43. Rxh6 Rd8 44. Bf5 Bc3 45. Bxe4 Rd2+ 46. Kf3 Rxa2 47. Rc6 Be1 48. Rc2 Ra6 49. b4 Bxb4 50. Rc6 Ra1 51. Bf5 a5 52. h6 Rd1 53. Rc8 Be7 54. h7 Bf6 55. h8=Q+ Bxh8 56. Rxh8+ Kg5 57. e4 a4 58. Ra8 Ra1 59. e5 a3 60. Be6 Rf1+ 61. Ke2 Ra1 62. Rg8+ Kf4 63. Kd2 Kxe5 64. Re8 Kf4 65. Kc2 Re1 66. Kb3 Re3+ 67. Ka2 Kg5 68. Rg8+ Kf6 69. Bf5 Rg3 70. Ra8 Rg2+ 71. Kxa3 Rg1 72. Kb4 Rc1 73. Ra6+ Kg5 74. Rg6+ Kf4 75. Rd6 Ke5 76. Rd3 Rc7 77. Rc3 Rb7+ 78. Kc4 Rb8 79. Kd3 Rh8 80. Rc5+ Kf4 81. Kd4 Rd8+ 82. Rd5 Ra8 83. Rd7 Ra1 84. Kd5 Re1 85. Kd6 Kg5 86. Be6 Kf6 87. Rf7+ Kg6 88. Ke7 Re3 89. Rf8 Ra3 90. Rg8+ Kh7 91. g5 Rg3 92. Kf6 Rf3+ 93. Ke7 Rg3 94. Bf7 Re3+ 95. Kf8 Ra3 96. g6+ Kh6 97. Rh8+ Kg5 98. g7 1-0

[Event "Classical Bliss V6"]
[Site "Montreal CAN"]
[Date "2025.05.10"]
[Round "5.1"]
[White "Beaupre, Eugene jr"]
[Black "Di Matteo, Alessio"]
[Result "0-1"]
[WhiteElo "1976"]
[BlackElo "1949"]
[WhiteFideId "-1"]
[WhiteFideId "-1"]
[PlyCount "90"]
[GameId "2179725669360777"]
[EventDate "2025.04.19"]
[EventType "swiss"]
[EventRounds "6"]
[EventCountry "CAN"]

1. d4 Nf6 2. c4 c5 3. d5 b5 4. Qc2 bxc4 5. e4 e6 6. Nc3 exd5 7. exd5 d6 8. Bxc4 Be7 9. Nf3 O-O 10. O-O Nbd7 11. h3 Nb6 12. b3 Bb7 13. Rd1 Re8 14. Bf4 Nxc4 15. bxc4 Nd7 16. Ne4 Nf6 17. Nfg5 Nxe4 18. Nxe4 Bc8 19. Ng3 Bg5 20. Bxg5 Qxg5 21. Re1 Bd7 22. Rab1 h5 23. Rxe8+ Rxe8 24. Rb7 Bxh3 25. gxh3 g6 26. Kf1 Qh4 27. Ne2 Qxh3+ 28. Ke1 Qh1+ 29. Kd2 Qf3 30. Nc1 Qxf2+ 31. Kc3 Re3+ 32. Kb2 Qf6+ 33. Kb1 Rc3 34. Qb2 Qf5+ 35. Ka1 Qf6 36. Kb1 Qd4 37. Qe2 Re3 38. Qb2 h4 39. Qxd4 cxd4 40. c5 dxc5 41. d6 Re8 42. Re7 Rd8 43. d7 Kf8 44. Re4 Rxd7 45. Rxh4 d3 0-1

[Event "Classical Bliss V6"]
[Site "Montreal CAN"]
[Date "2025.05.10"]
[Round "5.2"]
[White "Nassif, Aba"]
[Black "Turcotte, Jonathan"]
[Result "0-1"]
[WhiteElo "2064"]
[BlackElo "2028"]
[WhiteFideId "-1"]
[WhiteFideId "-1"]
[PlyCount "140"]
[GameId "2179725669360779"]
[EventDate "2025.04.19"]
[EventType "swiss"]
[EventRounds "6"]
[EventCountry "CAN"]

1. d4 d5 2. Nc3 Nf6 3. Bf4 c5 4. e4 cxd4 5. Qxd4 Nc6 6. Bb5 Bd7 7. Bxc6 Bxc6 8. e5 Ne4 9. e6 fxe6 10. Nge2 e5 11. Bxe5 Qb6 12. Nxe4 dxe4 13. O-O-O e6 14. Bxg7 Qxd4 15. Bxd4 Rg8 16. Be3 e5 17. Ng3 Kf7 18. h4 Ke6 19. a3 a5 20. Rhe1 Rg4 21. h5 Be7 22. h6 Rf8 23. Kb1 Rf7 24. Nh5 Rxg2 25. Ng7+ Rfxg7 26. hxg7 Rxg7 27. Rh1 Be8 28. c4 h5 29. Rdg1 Rh7 30. Kc2 Kf5 31. Kc3 a4 32. Rg8 Bc6 33. Rhg1 h4 34. R8g6 Be8 35. R6g2 Bh5 36. c5 h3 37. Rh2 Bg4 38. Kc4 Be2+ 39. Kc3 Rh8 40. Re1 Bg4 41. Kc4 Kf6 42. Rg1 Be6+ 43. Kc3 Kf7 44. Rc1 Rd8 45. Kb4 Rd4+ 46. Bxd4 exd4 47. Kb5 d3 48. Kb6 Bg5 49. f4 Bd8+ 50. Kxb7 e3 51. Re1 d2 52. Rd1 Bg4 53. Rdxd2 exd2 54. Rxd2 Bf3+ 55. Ka6 Be7 56. Rh2 Bg4 57. c6 Bd6 58. Rf2 Bc5 59. Rc2 Bg1 60. Kb7 h2 61. Rxh2 Bxh2 62. c7 Bf3+ 63. Kb6 Bg1+ 64. Ka6 Bg4 65. Kb7 Ke7 66. c8=Q Bxc8+ 67. Kxc8 Kd6 68. Kb7 Kc5 69. Ka6 Kc4 70. Ka5 Kb3 0-1